000 00561nam a22001937a 4500
999 _c5933
_d5933
005 20251202113732.0
008 251202b ||||| |||| 00| 0 eng d
020 _a9781407174310
040 _cKH8
082 _a800 HAR
100 _aHARRISON,PAULA
_eAUTHOR
245 _aTiara Friends
260 _aEuston House,24 Eversholt Street,London NW1 1DB,UK
_bScholastic Children's Books
_c2017
300 _a130 pages
_bb illustration
_c12 cm x 19 cm
650 _aJuvenile Literature
655 _aMystery
700 _aAly,Hatem
_eIllustrator
942 _2ddc
_cFIC